IFM Opac

Business Communication Today (Record no. 16957)

MARC details
000 -LEADER
fixed length control field 00425nam a22001577a 4500
020 ## - INTERNATIONAL STANDARD BOOK NUMBER
International Standard Book Number 9788131757994
082 ## - DEWEY DECIMAL CLASSIFICATION NUMBER
Classification number 658.45BOV
Item number 1
100 ## - MAIN ENTRY--PERSONAL NAME
Personal name BOVEE,Courtland L
245 ## - TITLE STATEMENT
Title Business Communication Today
250 ## - EDITION STATEMENT
Edition statement 10th ed.
260 ## - PUBLICATION, DISTRIBUTION, ETC.
Place of publication, distribution, etc. indian
Name of publisher, distributor, etc. first impression
Date of publication, distribution, etc. 2011
300 ## - PHYSICAL DESCRIPTION
Extent xxviii,:583p.26cm.
650 ## - SUBJECT ADDED ENTRY--TOPICAL TERM
Topical term or geographic name entry element Business communication
700 ## - ADDED ENTRY--PERSONAL NAME
Personal name COURTLAND L BOVEE,JOHN V THILL AND ABHA CHATTERJEE
942 ## - ADDED ENTRY ELEMENTS (KOHA)
Koha item type Books
Holdings
Withdrawn status Lost status Source of classification or shelving scheme Damaged status Not for loan Home library Current library Shelving location Date acquired Full call number Barcode Date last seen Price effective from Koha item type
    Dewey Decimal Classification     IFM Main Campus Library IFM Main Campus Library General Collection 09/06/2022 658.45BOV 1 0000028427 10/28/2016 10/28/2016 Books